1966 FIFA World Cup Team Logos - Statistics

General Stats
  • This quiz has been taken 52 times
  • The average score is 15 of 16
Answer Stats
Picture Answer % Correct
Argentina
100%
Brazil
100%
England
100%
France
100%
Italy
100%
Switzerland
100%
North Korea
98%
Portugal
98%
Soviet Union
96%
Uruguay
96%
West Germany
96%
Bulgaria
93%
Hungary
91%
Chile
89%
Spain
84%
Mexico
82%
No matching quizzes found
Score Distribution
Percent of People with Each Score
Percentile by Number Answered
Your Score History
You have not taken this quiz